Náklady podniku - ako ich nepoznáme

So vznikom nákladov je spojená každá činnosť, operácia či proces v podniku. Manažment nákladov ako nástroj predchádzania problémov vo finančnej a prevádzkovej oblasti. Ekonomická efektívnosť v riadení nákladov podniku. Rozdiel medzi nákladmi a výdavkami. Dôležitosť nákladov a ich využitie. Výsledok...

Descripción completa

Guardado en:
Detalles Bibliográficos
Autor principal: Teplická, Katarína
Formato: Capítulo de libro
Lenguaje:eslovaco
Materias:
Etiquetas: Agregar Etiqueta
Sin Etiquetas, Sea el primero en etiquetar este registro!

MARC

LEADER 00000naa$a2200000$$$4500
001 0113146
005 20230912094513.0
041 0 |a slo 
044 |a SK 
245 1 0 |a Náklady podniku - ako ich nepoznáme  |c Katarína Teplická 
520 |a So vznikom nákladov je spojená každá činnosť, operácia či proces v podniku. Manažment nákladov ako nástroj predchádzania problémov vo finančnej a prevádzkovej oblasti. Ekonomická efektívnosť v riadení nákladov podniku. Rozdiel medzi nákladmi a výdavkami. Dôležitosť nákladov a ich využitie. Výsledok hospodárenia a zisk. 
610 2 0 |a náklady 
610 2 0 |a náklady prevádzkové 
610 2 0 |a rozpočet nákladov 
610 2 0 |a kalkulácia 
610 2 0 |a faktory výrobné 
610 2 0 |a efektívnosť ekonomická 
610 2 0 |a výsledok hospodársky 
100 1 |a Teplická, Katarína